00200 2200097 4500990001700000990001700017990001700034990001700051990001700068990001700085$a 36372/pb/2022$a 36373/Pb/2022$a 36374/Pb/2022$a 36372/pb/2022$a 36373/pb/2022$a 36374/pb/2022